| 000 | 00806nam0a22002411 4500 | ||
|---|---|---|---|
| 001 | rc\4068919 | ||
| 005 | 20250610233902.0 | ||
| 035 | _a(NLR Aleph) 007964691 | ||
| 090 |
_a8421967 _c8421967 |
||
| 100 | _a20130415d1946 |||y0rusy50 ca | ||
| 101 | 0 | _arus | |
| 102 | _aRU | ||
| 105 | _ac z ||||| | ||
| 200 | 1 | _aОпыт технической эксплуатации судовых механизмов танкера "Берия" | |
| 210 |
_aБаку _cБольшевик Каспия _d1946 |
||
| 215 |
_a25, [2] с. _cпортр. _d16 |
||
| 300 | _aПеред загл. авт.: С.Е. Охонько | ||
| 700 | 1 |
_aОхонько _bС.Е. _gСергей Евдокимович |
|
| 801 | 0 |
_aRU _bNLR _gpsbo |
|
| 801 | 1 |
_aRU _bELAR _2rusmarc |
|
| 852 |
_aNLR _jЭк60 Г-2/1360 |
||
| 942 | _cBOOK | ||
| 980 | _aNB | ||